Parliamo di sesso : (Record no. 17106)
[ view plain ]
| 000 -LEADER | |
|---|---|
| campo di controllo lung. fissa | 01376nam a22002897i 4500 |
| 001 - Numero di controllo | |
| campo di controllo | IT\ICCU\PBE\0043945 |
| 003 - Identificatore del numero di controllo | |
| campo di controllo | ItRI |
| 005 - Data e orario dell'ultima transazione | |
| campo di controllo | 20260115232111.0 |
| 008 - Elementi di lunghezza fissa--Informazione generale | |
| campo di controllo lung. fissa | 130606s2013 it |||||| ||||| |||||c |
| 020 ## - ISBN (International Standard Book Number) | |
| ISBN (International Standard Book Number) | 9788856629538 |
| 040 ## - Fonte della catalogazione | |
| Lingua della catalogazione | ita |
| Agenzia che fa la trascrizione | importazione bologna sebina |
| 041 #7 - Codice di lingua | |
| Codice di lingua del testo/traccia sonora o titolo separato | ita |
| Fonte del codice | ISO-639-2 |
| 082 ## - Numero di classificazione Decimale Dewey | |
| Numero di classificazione | 261.8357 |
| -- | CRISTIANESIMO E PROBLEMI SOCIALI. Relazioni tra i sessi |
| Numero dell'edizione | 21 |
| 100 1# - Accesso principale -- nome di persona | |
| Nome di persona | Ross, Marie-Paul |
| Numero del record di authority o numero standard | IT\ICCU\TO0V\655600 |
| 240 10 - Titolo uniforme | |
| Titolo uniforme | Je voudrai vous parler d'amour... et de sexe |
| -- | IT\ICCU\PBE\0043944 |
| 9 (RLIN) | Ross, Marie-Paul |
| 245 10 - Formulazione del titolo | |
| Titolo | Parliamo di sesso : |
| Complemento del titolo | perché la Chiesa non deve temere l'eros / |
| Formulazione di responsabilità, ecc. | Suor Marie-Paul Ross ; con la collaborazione di Claire Baldewyns e Sébastien Délézir. |
| 260 ## - Pubblicazione, distribuzione, ecc. (stampa) | |
| Luogo di pubblicazione, distribuzione, ecc. | Milano : |
| Nome dell'editore, distributore, ecc. | Piemme, |
| Data di pubblicazione, distribuzione, ecc. | 2013 |
| 300 ## - Descrizione fisica | |
| Estensione | 184 p. ; |
| Dimensioni | 22 cm |
| 500 ## - Nota generale | |
| Nota generale | Traduzione di Anna Maria Foli |
| 520 ## - Riassunto, ecc. | |
| Nota di riassunto, ecc. | Per Suor Marie-Paul Ross è tempo che nella Chiesa si parli di eros, riconoscendolo come dono di Dio e alzando quel velo di omertà che nell'ambito ecclesiale favorisce da secoli il perpetrarsi di devianze e infelicità. |
| 650 #7 - Accesso aggiunto di soggetto--termine topico | |
| Termine topico o nome geografico come accesso | Chiesa cattolica romana |
| Suddivisione generale | Atteggiamento verso il sesso |
| Fonte dell'intestazione o del termine | scbi |
| 650 #7 - Accesso aggiunto di soggetto--termine topico | |
| Termine topico o nome geografico come accesso | Sesso |
| Suddivisione generale | Concezione cristiana |
| 700 1# - Accesso aggiunto--nome di persona | |
| Nome di persona | Baldewyns, Claire |
| Numero del record di authority o numero standard | IT\ICCU\REAV\094597 |
| 700 1# - Accesso aggiunto--nome di persona | |
| Nome di persona | Délézir, Sébastien |
| Numero del record di authority o numero standard | IT\ICCU\PBEV\008178 |
| 700 1# - Accesso aggiunto--nome di persona | |
| Nome di persona | Foli, Anna Maria |
| Numero del record di authority o numero standard | IT\ICCU\TO0V\585253 |
| 942 ## - Dati aggiuntivi (Koha) | |
| Fonte della classificazione o dello schema di collocazione (segnatura) | Classificazione decimale Dewey |
| Tipo copia default (Koha) | Libri |
| Nasconto in Opac | No |
| Status ritirato | Status smarrito: | Status danneggiato: | Escluso dal prestito | Biblioteca di appartenenza | Biblioteca corrente | Data di acquisti | Numero d'inventario | Totale prestiti | Collocazione | Codice a barre | Data ultima revisione | Prezzo effettivo da | Tipo copia default (Koha) | Nota pubblica |
|---|---|---|---|---|---|---|---|---|---|---|---|---|---|---|
| BOLOGNA | Centro di Documentazione "Flavia Madaschi" Cassero LGBTQIA+ Center | BOLOGNA | Centro di Documentazione "Flavia Madaschi" Cassero LGBTQIA+ Center | 15/01/2026 | 20524 | DOC 261.835 ROS | BO20524 | 15/01/2026 | 15/01/2026 | Libri | 1 v. |